Normal view
MARC view
Entry Topical Term
001 - CONTROL NUMBER
- control field: 34228
003 - CONTROL NUMBER IDENTIFIER
- control field: ARRUPE
005 - DATE AND TIME OF LATEST TRANSACTION
- control field: 20170801124259.0
008 - FIXED-LENGTH DATA ELEMENTS
- fixed length control field: 170801|| aca||aabn | a|a d
040 ## - CATALOGING SOURCE
- Original cataloging agency: ARRUPE
- Transcribing agency: ARRUPE
150 ## - HEADING--TOPICAL TERM
- Topical term or geographic name as entry element: Lectionary
- General subdivision: Shona
670 ## - SOURCE DATA FOUND
- Source citation: Work cat.: (ARRUPE)6202: Candler, Peter M. 25395, Transcendence and phenomenology, 2007